000 00852cam a2200241 4500
001 WB3634-05
008 000000n2000 000 0 eng u
035 _a(Sirsi) u108071
245 _aGovernment estate
260 _c2000
490 _aFinancial Times
_v25 August 2000, 26(1)
520 _aMapeley has won the bidding for the running of the Inland Revenue estate. However, several bidders have complained that the bidding process was too costly - around £6m for the Inland Revenue estate and warn that this will deter future bidders for other government estates.
590 _aWB
650 _aINLAND REVENUE
650 _aBIDDING PROCESS
650 _aGOVERNMENT ESTATE
650 _aDUE DILIGENCE
650 _aCOSTS
650 _aGOVERNMENT BUILDINGS
650 _aSTEPS
690 _aPROPERTY-COMMERCIAL PROPERTY
942 _n0
999 _c64559
_d64559